Statistics made simple
| Main Author: | |
|---|---|
| Other Authors: | |
| Format: | Book |
| Published: |
London :
Heinemann ,
1981
|
| Subjects: |
MARC
| LEADER | 00000cam a2200000 7i4500 | ||
|---|---|---|---|
| 001 | 0000003793 | ||
| 005 | 20110622.0 | ||
| 022 | 0 | 0 | |a 0434984744 |
| 090 | 0 | 0 | |a 519.5 |b HAYS |
| 100 | 0 | 1 | |a Hayslett, H.T |
| 245 | 0 | 0 | |a Statistics made simple |c Hayslett, H.T:advisory editor Murphy, Patrick |
| 260 | 0 | 0 | |a London : |b Heinemann , |c 1981 |
| 300 | |a 246 p. ; |c 22 cm. | ||
| 500 | 0 | 0 | |a Includes index |
| 650 | 0 | 0 | |a Mathematical statistics |
| 650 | 0 | 0 | |a Statistical mathematics |
| 700 | 0 | 1 | |a Murphy, Patrick |
| 998 | |a JPSM | ||
| 999 | |a 007642 |b Monograph |c Open Shelf |e Default branch | ||